[Event "Interclub A"]
[Site "Adelaide"]
[Date "2008.05.06"]
[Round "2.3"]
[White "Short, Andrew"]
[Black "Anderson-Smith, William"]
[Result "1-0"]
[WhiteElo "1703"]
[BlackElo "1573"]
[Annotator "Anderson-Smith,W.T."]
[PlyCount "106"]
[EventDate "2008.04.29"]

1. e4 e6 2. d4 d5 3. Nd2 c5 4. exd5 exd5 5. Ngf3 Nf6 6. Bb5+ Bd7 7. Qe2+ Be7 8.
dxc5 O-O 9. Nb3 Bxc5 10. Bxd7 Nbxd7 11. O-O Re8 12. Qd3 Bd6 13. Bg5 Qc7 14. c3
Ne5 15. Nxe5 Bxe5 16. Bxf6 Bxf6 17. Qxd5 Re5 18. Qf3 Rae8 19. Rad1 Re4 20. g3
Qe7 21. Qd3 Qc7 22. Qd5 Qc8 23. Qd7 Qb8 24. Qf5 R4e5 25. Qc2 Qc8 26. Kg2 Rh5
27. f3 Rhe5 28. Rf2 h5 29. Rdd2 h4 30. g4 Qc4 31. Rd4 Qa6 32. a3 Re1 33. Rd1
R1e6 34. Nc5 Qc6 35. Nxe6 Qxe6 36. Rdd2 Be5 37. Qf5 Qh6 38. g5 h3+ 39. Kf1 Qa6+
40. Qd3 Qb6 41. f4 Bc7 42. Qxh3 Qc6 43. Qf3 Qb5+ 44. Qd3 Qc6 45. Qd5 Qg6 46.
Qd3 Qc6 47. Qf3 Qb5+ 48. Kg2 Qf5 49. Kg3 Qxg5+ 50. Kh3 Qh6+ 51. Kg2 Re6 52. Kf1
Qg6 53. Rfe2 Rf6 $138 1-0

[Event "Interclub A"]
[Site "Adelaide"]
[Date "2008.05.06"]
[Round "2.4"]
[White "Eustace, Sophie"]
[Black "Turcaj, Pavel"]
[Result "1/2-1/2"]
[WhiteElo "1480"]
[BlackElo "1566"]
[PlyCount "91"]
[EventDate "2008.04.29"]

1. e4 c5 2. Nf3 Nc6 3. d4 cxd4 4. Nxd4 g6 5. Be3 Nf6 6. Nc3 Bg7 7. Be2 O-O 8.
O-O d5 9. exd5 Nxd5 10. Nxd5 Qxd5 11. Bf3 Qd7 12. Nxc6 bxc6 13. Rb1 Qxd1 14.
Rfxd1 Bf5 15. Rd2 Rfc8 16. g4 Be6 17. b3 a5 18. Bd4 Rd8 19. Rbd1 Bh6 20. Rd3
Rac8 21. Bb6 Rxd3 22. Rxd3 a4 23. Rd8+ Rxd8 24. Bxd8 axb3 25. cxb3 Kf8 26. Bxc6
Bxg4 27. b4 Bf4 28. a4 Bd6 29. b5 e5 30. b6 Be2 31. Bb7 Ke8 32. Bc7 Kd7 33.
Bc8+ Kxc8 34. Bxd6 e4 35. a5 Kb7 36. Kg2 Kc6 37. Bc7 Ba6 38. Kg3 Bb7 39. Be5
Kd5 40. Bc3 Kc4 41. Bd2 Kd4 42. Kf4 h5 43. Kg5 Ke5 44. Bc3+ Ke6 45. Bd2 Ba6 46.
Bc3 1/2-1/2

[Event "Interclub A"]
[Site "Adelaide"]
[Date "2008.05.06"]
[Round "2.2"]
[White "Ivkovic, Novica"]
[Black "Milton, Anthony W"]
[Result "0-1"]
[WhiteElo "1717"]
[BlackElo "1510"]
[PlyCount "64"]
[EventDate "2008.04.29"]

1. f4 Nf6 2. e3 g6 3. d4 Bg7 4. Nf3 d6 5. c4 Nbd7 6. Nc3 O-O 7. Qc2 c5 8. Be2
b6 9. h4 Bb7 10. Bd2 Ng4 11. h5 e5 12. hxg6 hxg6 13. Ng5 Nxe3 14. Bxe3 cxd4 15.
Nce4 dxe3 16. Nxd6 exf4 17. Nh7 Bxg2 18. Rh2 f3 19. Bf1 Bxf1 20. Kxf1 Be5 21.
Nxf8 Qxf8 22. Ne4 e2+ 23. Kg1 Bxh2+ 24. Kxh2 Qh6+ 25. Kg3 Qe3 26. Qc3 Qxe4 27.
Rh1 Qe5+ 28. Kxf3 Qxc3+ 29. bxc3 Re8 30. Re1 Ne5+ 31. Kxe2 Nf3+ 32. Kxf3 Rxe1
0-1

[Event "Interclub A"]
[Site "Adelaide"]
[Date "2008.05.06"]
[Round "2.3"]
[White "Griggs, James"]
[Black "Miletic, Savo"]
[Result "1-0"]
[WhiteElo "1464"]
[BlackElo "1533"]
[PlyCount "71"]
[EventDate "2008.04.29"]

1. g3 d5 2. Bg2 Nf6 3. d3 Bf5 4. Nc3 c6 5. Nf3 e6 6. O-O Bd6 7. Re1 Bc7 8. Bg5
h6 9. Be3 Nbd7 10. Na4 Qe7 11. c4 Ng4 12. Bd2 Bb6 13. Nxb6 axb6 14. e4 dxe4 15.
dxe4 Bg6 16. h3 Nge5 17. Qb3 Rd8 18. Bc3 Nxf3+ 19. Bxf3 f6 20. e5 f5 21. Rad1
O-O 22. Bb4 c5 23. Bc3 Rb8 24. Rd6 Rfc8 25. Red1 Be8 26. g4 Rc7 27. gxf5 exf5
28. e6 Nf8 29. Qxb6 Rbc8 30. Bd5 Bc6 31. Be5 Ng6 32. Rd8+ Qxd8 33. e7+ Qxd5 34.
cxd5 Nxe5 35. dxc6 Rxc6 36. Rd8+ 1-0

[Event "Interclub A"]
[Site "Adelaide"]
[Date "2008.05.06"]
[Round "2.1"]
[White "Jackson, Ralph E"]
[Black "Sykes, Alexander"]
[Result "1/2-1/2"]
[WhiteElo "1901"]
[BlackElo "1920"]
[PlyCount "129"]
[EventDate "2008.04.29"]

1. Nf3 d5 2. c4 c6 3. b3 Nf6 4. cxd5 cxd5 5. g3 Nc6 6. Bg2 e5 7. O-O Bd6 8. Bb2
Qe7 9. Nc3 a6 10. d3 O-O 11. e4 dxe4 12. dxe4 Rd8 13. Nd5 Nxd5 14. exd5 Bc5 15.
Nd2 Nd4 16. Ne4 Ba7 17. Rc1 Bf5 18. d6 Qe6 19. Rc7 Qg6 20. Nc5 Qxd6 21. Rxf7
Kxf7 22. Nxb7 Qg6 23. Nxd8+ Rxd8 24. Qe1 e4 25. Qa5 Rd7 26. Bxd4 Bxd4 27. Qb4
h6 28. a4 Qd6 29. Qc4+ Kg6 30. b4 Kh7 31. b5 axb5 32. axb5 Qb6 33. Qc2 Rf7 34.
Bxe4 Bxe4 35. Qxe4+ Kg8 36. Qe2 Rf5 37. Kg2 Qxb5 38. Qe6+ Kh7 39. Kg1 Qd5 40.
Qxd5 Rxd5 41. Kg2 Bf6 42. Rc1 Rd2 43. Rc8 Bd4 44. Rf8 g5 45. h3 Kg6 46. Rf3 h5
47. Kf1 g4 48. hxg4 hxg4 49. Rf4 Kg5 50. Kg2 Be5 51. Rf8 Bf6 52. Rg8+ Kf5 53.
Rf8 Rd3 54. Rc8 Rf3 55. Rc4 Be5 56. Ra4 Bc7 57. Rb4 Bd6 58. Rb5+ Be5 59. Rb4
Rd3 60. Ra4 Rd2 61. Ra8 Bd4 62. Rf8+ Ke4 63. Rf4+ Kd3 64. Rxg4 Rxf2+ 65. Kh3
1/2-1/2

[Event "Interclub A"]
[Site "Adelaide"]
[Date "2008.05.06"]
[Round "2.2"]
[White "Djelaj, Pasko"]
[Black "Haydn, Gavin"]
[Result "1-0"]
[WhiteElo "1647"]
[BlackElo "1551"]
[PlyCount "127"]
[EventDate "2008.04.29"]

1. d4 Nf6 2. c4 e6 3. Nc3 Bb4 4. Nf3 c5 5. e3 Ne4 6. Qc2 f5 7. Bd3 cxd4 8. exd4
d5 9. cxd5 exd5 10. O-O O-O 11. Ne2 Nc6 12. a3 Be7 13. b4 a6 14. Bb2 Be6 15.
Rae1 Rc8 16. Qb3 Bf6 17. Rd1 Bf7 18. Ne5 Bxe5 19. dxe5 Re8 20. h3 d4 21. Qa4
Rxe5 22. f3 Nf6 23. Rc1 Re3 24. Qd1 Qe7 25. Ng3 Bg6 26. Bxd4 Rxd3 27. Qxd3 Qd6
28. Rxc6 bxc6 29. Qc4+ Bf7 30. Nxf5 Bxc4 31. Nxd6 Bxf1 32. Nxc8 Bb5 33. Bxf6
gxf6 34. Kf2 Kf7 35. Nd6+ Ke6 36. Ne4 Ke5 37. Ke3 f5 38. f4+ Kd5 39. Nd2 Ke6
40. g4 h6 41. Kd4 fxg4 42. hxg4 Be2 43. g5 h5 44. Ke4 Bg4 45. Nf1 h4 46. Nh2
Bf5+ 47. Kd4 Kd6 48. a4 Bg6 49. a5 h3 50. Ng4 Bf5 51. Nh2 Bg6 52. Nf1 Bf5 53.
Ng3 Ke6 54. Kc5 h2 55. Kxc6 Be4+ 56. Kb6 h1=Q 57. Nxh1 Bxh1 58. Kxa6 Kf5 59. b5
Kxf4 60. g6 Bd5 61. b6 Kf5 62. g7 Kf6 63. g8=Q Bxg8 64. b7 1-0

[Event "Interclub A"]
[Site "Adelaide"]
[Date "2008.05.06"]
[Round "2.3"]
[White "Hatch, John"]
[Black "Paprzycki, Eryk"]
[Result "0-1"]
[WhiteElo "1466"]
[BlackElo "1491"]
[PlyCount "110"]
[EventDate "2008.04.29"]

1. d4 d5 2. c4 Nf6 3. Nc3 e6 4. Nf3 Be7 5. e3 c6 6. cxd5 exd5 7. Bd3 Bg4 8. h3
Bh5 9. O-O Nbd7 10. e4 dxe4 11. Nxe4 O-O 12. Ng3 Bg6 13. Nf5 Bb4 14. a3 Qa5 15.
Qc2 Rfe8 16. Be3 Bf8 17. Bf4 Nd5 18. Bg3 N7f6 19. N3h4 Qb6 20. Rad1 Re6 21.
Nxg6 hxg6 22. Nh4 Nh5 23. Be5 Nhf4 24. b4 Qd8 25. Nf3 Nxd3 26. Qxd3 a6 27. h4
Be7 28. g3 Bf6 29. Rfe1 Qd7 30. Re2 Rae8 31. Rde1 Bd8 32. Ng5 Bxg5 33. hxg5 Qe7
34. f4 Qd7 35. Rh2 f6 36. Qxg6 fxe5 37. Qh7+ Kf7 38. fxe5 Ke7 39. Qxg7+ Kd8 40.
Qxd7+ Kxd7 41. Rh7+ Ne7 42. Rf1 Rg6 43. Rh5 Reg8 44. Rf6 Rxg5 45. Rxg5 Rxg5 46.
Rd6+ Kc7 47. Kf2 Nf5 48. Rf6 Nxd4 49. Rf7+ Kb6 50. Ke3 Ne6 51. Ke4 Rxg3 52. Kf5
Nc7 53. e6 Rxa3 54. e7 Re3 55. Kf4 Nd5+ 0-1

[Event "Interclub A"]
[Site "Adelaide"]
[Date "2008.05.06"]
[Round "2.4"]
[White "Hill, Steven"]
[Black "Bortsova, Natasha"]
[Result "0-1"]
[WhiteElo "1426"]
[BlackElo "1102"]
[PlyCount "78"]
[EventDate "2008.04.29"]

1. e4 c5 2. Nf3 d6 3. d4 cxd4 4. Nxd4 a6 5. c4 Nf6 6. Nc3 e5 7. Nf3 Nc6 8. h3
Be6 9. Bd3 Be7 10. Ng5 Qd7 11. Nxe6 Qxe6 12. Nd5 Bd8 13. Qb3 Qd7 14. Be3 Nxd5
15. cxd5 Na5 16. Qb4 Rc8 17. O-O b5 18. a4 Nc4 19. axb5 Qxb5 20. Qxb5+ axb5 21.
Rfc1 Rb8 22. Bxc4 bxc4 23. Rxc4 Rxb2 24. Ra8 O-O 25. Rcc8 Be7 26. Rxf8+ Bxf8
27. Rd8 f6 28. Rd7 h6 29. h4 h5 30. Kh2 Kh7 31. Kh3 Rb1 32. Kg3 Kg6 33. Rd8 Kf7
34. Ra8 Rh1 35. Ra6 Be7 36. Ba7 g5 37. hxg5 fxg5 38. Bb8 g4 39. f3 Bh4# 0-1

[Event "Interclub A"]
[Site "Adelaide"]
[Date "2008.05.06"]
[Round "2.1"]
[White "Hubczenko, Ilya"]
[Black "Zaric, Srboljub"]
[Result "1/2-1/2"]
[WhiteElo "1576"]
[BlackElo "2101"]
[PlyCount "87"]
[EventDate "2008.04.29"]

1. e4 c5 2. Nf3 Nc6 3. Bb5 g6 4. Bxc6 dxc6 5. h3 Bg7 6. d3 Nf6 7. Nc3 O-O 8.
Be3 b6 9. Qd2 Re8 10. Bh6 Bh8 11. O-O-O a5 12. Ng5 a4 13. f4 b5 14. g4 b4 15.
Ne2 b3 16. a3 bxc2 17. Qxc2 Qb6 18. f5 Rb8 19. Nc3 Nd7 20. fxg6 hxg6 21. Rhf1
Bf6 22. Nf3 Qb3 23. Nxa4 Ba6 24. Nc3 Bxc3 25. Qxc3 Qxc3+ 26. bxc3 Rb3 27. Kd2
Reb8 28. Rc1 c4 29. d4 Rxa3 30. Bg5 f6 31. Bh4 Rb2+ 32. Rc2 Rxc2+ 33. Kxc2 Bb5
34. Kd2 Nb6 35. Rc1 Ba4 36. Ke3 Bb5 37. Be1 g5 38. h4 gxh4 39. Nxh4 Na4 40. Nf3
Nb2 41. Bd2 Nd3 42. Rg1 Kf7 43. g5 fxg5 44. Nxg5+ 1/2-1/2

[Event "Interclub A"]
[Site "Adelaide"]
[Date "2008.05.06"]
[Round "2.2"]
[White "Ballard, Peter"]
[Black "Harrison, Richard"]
[Result "1-0"]
[WhiteElo "1905"]
[BlackElo "1085"]
[PlyCount "57"]
[EventDate "2008.04.29"]

1. e4 e5 2. Nf3 Nc6 3. d4 exd4 4. Nxd4 Bc5 5. Nb3 Bb6 6. a4 a6 7. Nc3 Qf6 8.
Qe2 Nd4 9. Nxd4 Bxd4 10. Nd5 Qc6 11. c3 Be5 12. f4 Bf6 13. Nxf6+ Nxf6 14. e5
Ne4 15. Qf3 O-O 16. Bd3 d5 17. exd6 Re8 18. O-O Bf5 19. dxc7 Qxc7 20. g4 Nxc3
21. bxc3 Qxc3 22. Ra3 Qc5+ 23. Kg2 Bd7 24. Kg3 Bc6 25. Qf2 Qd5 26. Be2 Qe6 27.
Bf3 Bd7 28. Bb2 h5 29. Qd4 1-0

[Event "Interclub A"]
[Site "Adelaide"]
[Date "2008.05.06"]
[Round "2.3"]
[White "Glascott, Brent"]
[Black "Lidums, Aivars"]
[Result "0-1"]
[WhiteElo "1178"]
[BlackElo "1583"]
[PlyCount "94"]
[EventDate "2008.04.29"]

1. e4 c5 2. Nf3 e6 3. d4 cxd4 4. Nxd4 Nf6 5. Nc3 Nc6 6. e5 Nxe5 7. Bg5 Be7 8.
Be2 O-O 9. O-O d5 10. f4 Nc6 11. Nxc6 bxc6 12. Bd3 Qb6+ 13. Kh1 Qxb2 14. Rf3 g6
15. Rh3 Re8 16. Qe1 e5 17. fxe5 Bxh3 18. gxh3 Nh5 19. Rb1 Qa3 20. Rb3 Qa5 21.
Bd2 Qc7 22. Qe3 Bf6 23. Ne2 Bxe5 24. Qc5 Bxh2 25. Qf2 Be5 26. Bc3 Bxc3 27. Rxc3
Re7 28. Qh4 Rae8 29. Rb3 Re3 30. Kg2 Qe5 31. Qg4 Rxe2+ 32. Bxe2 Qxe2+ 33. Qxe2
Rxe2+ 34. Kf3 Rxc2 35. Ra3 Rh2 36. Rxa7 Rxh3+ 37. Kf2 Nf4 38. a4 Ra3 39. a5 Ne6
40. a6 Kg7 41. Ra8 Nc7 42. Rc8 Nxa6 43. Ra8 c5 44. Ke2 h5 45. Kd2 h4 46. Kc2
Nb4+ 47. Kb2 Rxa8 0-1

[Event "Interclub A"]
[Site "Adelaide"]
[Date "2008.05.06"]
[Round "2.4"]
[White "Atrens, Edvard"]
[Black "Atrens, Karlis"]
[Result "1-0"]
[WhiteElo "1397"]
[BlackElo "1166"]
[PlyCount "87"]
[EventDate "2008.04.29"]

1. e4 c6 2. d4 d5 3. Nc3 dxe4 4. Nxe4 Bf5 5. Ng3 Bg6 6. h4 h6 7. Nf3 Nd7 8. h5
Bh7 9. Bd3 Bxd3 10. Qxd3 e6 11. Bd2 Ngf6 12. O-O-O Qb6 13. Ne4 O-O-O 14. Qe2
Nd5 15. Ne5 Nxe5 16. dxe5 Nb4 17. Bxb4 Qxb4 18. Rxd8+ Kxd8 19. Qd3+ Kc7 20. Rd1
Qe7 21. f4 Kb8 22. Nd6 Qh4 23. g3 Qe7 24. Nxf7 Rg8 25. Qd8+ Qxd8 26. Nxd8 Bc5
27. Nxe6 Bf2 28. Rd3 a5 29. f5 c5 30. c4 Re8 31. g4 Bh4 32. Rd5 b6 33. Nxg7 Rg8
34. f6 Bg5+ 35. Kc2 Kb7 36. Kd3 Kc6 37. Ke4 b5 38. b3 bxc4 39. bxc4 Rb8 40.
Rd6+ Kc7 41. Ne6+ Kc8 42. Rd8+ Kb7 43. Rxb8+ Kxb8 44. f7 1-0

[Event "Interclub A"]
[Site "Adelaide"]
[Date "2008.05.13"]
[Round "3.1"]
[White "Zaric, Srboljub"]
[Black "Goldsmith, Alan"]
[Result "0-1"]
[WhiteElo "2101"]
[BlackElo "2030"]
[PlyCount "48"]
[EventDate "2008.04.29"]

1. e4 d5 2. exd5 Nf6 3. d4 Bg4 4. Be2 h5 5. h3 Bxe2 6. Qxe2 Nxd5 7. Nf3 e6 8.
c4 Bb4+ 9. Kf1 Nf6 10. a3 Be7 11. Nc3 Nc6 12. Be3 O-O 13. Rd1 Qe8 14. g4 hxg4
15. hxg4 Nxg4 16. d5 exd5 17. cxd5 Nd8 18. Ng5 Bxg5 19. Qxg4 Bxe3 20. Qf5 Bh6
21. Re1 Ne6 22. Rxh6 gxh6 23. Ne4 Qb5+ 24. Re2 Qxe2+ 0-1

[Event "Interclub A"]
[Site "Adelaide"]
[Date "2008.05.13"]
[Round "3.2"]
[White "Vosvotekas, Ross"]
[Black "Hoff, Michael"]
[Result "0-1"]
[WhiteElo "1649"]
[BlackElo "1840"]
[PlyCount "58"]
[EventDate "2008.04.29"]

1. d4 Nf6 2. c4 c5 3. d5 b5 4. b3 bxc4 5. bxc4 d6 6. Qc2 Nbd7 7. Nf3 g6 8. Bb2
Rb8 9. Nbd2 Bg7 10. e3 O-O 11. Be2 Rxb2 12. Qxb2 Nxd5 13. Qxg7+ Kxg7 14. cxd5
Nb6 15. e4 Na4 16. O-O Nc3 17. Bc4 Bg4 18. Rfc1 Bxf3 19. Rxc3 Qa5 20. Rc2 Bg4
21. Rb1 Bc8 22. h3 f5 23. Nb3 Qa4 24. f3 fxe4 25. fxe4 Ba6 26. Bxa6 Qxa6 27.
Nd2 Qe2 28. Nf3 Qxc2 29. Rb7 Qxe4 0-1

[Event "Interclub A"]
[Site "Adelaide"]
[Date "2008.05.13"]
[Round "3.3"]
[White "Lidums, Aivars"]
[Black "Cooke, Tristrom"]
[Result "1/2-1/2"]
[WhiteElo "1583"]
[BlackElo "1558"]
[PlyCount "61"]
[EventDate "2008.04.29"]

1. d4 d5 2. c4 c6 3. Nc3 dxc4 4. a4 Nf6 5. e3 Bf5 6. Bxc4 e6 7. Nf3 Be7 8. O-O
Nbd7 9. Re1 Nb6 10. Ba2 Bg4 11. e4 Bxf3 12. gxf3 O-O 13. Be3 Nh5 14. Kh1 Kh8
15. f4 g6 16. Ne2 Qd7 17. Ng3 Nxg3+ 18. fxg3 f5 19. Qc2 Bf6 20. Rad1 Rac8 21.
a5 Na8 22. Bf2 Nc7 23. Re2 Rfe8 24. Bc4 a6 25. Qa4 Rcd8 26. Ba2 c5 27. Qxd7
Rxd7 28. e5 Be7 29. Red2 Red8 30. Rc2 cxd4 31. Rxd4 1/2-1/2

[Event "Interclub A"]
[Site "Adelaide"]
[Date "2008.05.13"]
[Round "3.4"]
[White "Kramer, Warren"]
[Black "Atrens, Edvard"]
[Result "1/2-1/2"]
[WhiteElo "1369"]
[BlackElo "1397"]
[PlyCount "94"]
[EventDate "2008.04.29"]

1. d4 Nf6 2. c4 e6 3. Nc3 Bb4 4. Bg5 d5 5. e3 c5 6. Nf3 Qa5 7. Bxf6 Bxc3+ 8.
bxc3 gxf6 9. Qc2 Bd7 10. a4 Nc6 11. cxd5 exd5 12. Bb5 a6 13. Bxc6 Bxc6 14. O-O
O-O 15. Rfc1 Bd7 16. Qb3 Be6 17. Qxb7 Rfd8 18. Qe7 Kg7 19. Qxc5 Qxc5 20. dxc5
Rdc8 21. Rab1 Rxc5 22. Rb6 Ra5 23. Nd4 Bd7 24. Nb3 Rxa4 25. Nc5 Bb5 26. Nxa4
Bxa4 27. Rb4 Bb5 28. h3 Rc8 29. Rd4 Bc4 30. e4 dxe4 31. Rxe4 Rc5 32. Re7 a5 33.
Ra7 Bb3 34. f3 a4 35. Kf2 Rd5 36. c4 Rc5 37. f4 Rxc4 38. Rxc4 Bxc4 39. Rxa4 Bd3
40. Ra3 Bb1 41. Rg3+ Kf8 42. Re3 f5 43. Rb3 Be4 44. Rb6 Kg7 45. Rb4 Kg6 46.
Rb6+ f6 47. g3 h5 1/2-1/2

[Event "Interclub A"]
[Site "Adelaide"]
[Date "2008.05.13"]
[Round "3.1"]
[White "Sykes, Alexander"]
[Black "Hubczenko, Ilya"]
[Result "1-0"]
[WhiteElo "1920"]
[BlackElo "1576"]
[PlyCount "65"]
[EventDate "2008.04.29"]

1. d4 Nf6 2. c4 e6 3. Nc3 Bb4 4. e3 b6 5. Nge2 Ba6 6. a3 Bxc3+ 7. Nxc3 d5 8.
Qa4+ c6 9. cxd5 Bxf1 10. Kxf1 Qxd5 11. Nxd5 exd5 12. Ke2 O-O 13. b4 Ne4 14. Bb2
a5 15. b5 c5 16. dxc5 bxc5 17. Rhd1 d4 18. exd4 Re8 19. Kf1 Nd7 20. d5 Nb6 21.
Qc2 Rac8 22. f3 Nd6 23. Qc3 f6 24. Re1 Nbc4 25. Rxe8+ Rxe8 26. Re1 Rxe1+ 27.
Kxe1 a4 28. Bc1 Ne5 29. Ke2 c4 30. b6 Nb5 31. Qb2 Nd3 32. Qxb5 Nxc1+ 33. Kd1
1-0

[Event "Interclub A"]
[Site "Adelaide"]
[Date "2008.05.13"]
[Round "3.2"]
[White "Harrison, Richard"]
[Black "Djelaj, Pasko"]
[Result "1-0"]
[WhiteElo "1085"]
[BlackElo "1647"]
[PlyCount "39"]
[EventDate "2008.04.29"]

1. e4 c5 2. Nf3 Nc6 3. d4 cxd4 4. Nxd4 Nf6 5. Nc3 d6 6. Bc4 Bd7 7. Bb3 a6 8.
O-O h6 9. f4 Qc7 10. Nxc6 bxc6 11. Qe1 e5 12. fxe5 dxe5 13. Be3 Be7 14. Qg3 g5
15. Bd4 Bd6 16. Rxf6 exd4 17. Rxd6 dxc3 18. Qe5+ Be6 19. Rxe6+ Kd7 20. Re7+ 1-0

[Event "Interclub A"]
[Site "Adelaide"]
[Date "2008.05.13"]
[Round "3.3"]
[White "Paprzycki, Eryk"]
[Black "Glascott, Brent"]
[Result "1-0"]
[WhiteElo "1491"]
[BlackElo "1178"]
[PlyCount "47"]
[EventDate "2008.04.29"]

1. d4 d5 2. c4 dxc4 3. e4 e6 4. Bxc4 Bb4+ 5. Nc3 Qh4 6. Bd3 Nc6 7. Nf3 Qd8 8.
Be3 Nf6 9. h3 O-O 10. O-O Bxc3 11. bxc3 b6 12. Qc2 Nd7 13. e5 f5 14. exf6 Nxf6
15. Bg5 Qd6 16. Rfe1 g6 17. Bxg6 hxg6 18. Qxg6+ Kh8 19. Bxf6+ Rxf6 20. Qxf6+
Kg8 21. Ne5 Nxe5 22. Rxe5 Qd7 23. Rg5+ Kh7 24. Rh5+ 1-0

[Event "Interclub A"]
[Site "Adelaide"]
[Date "2008.05.13"]
[Round "3.4"]
[White "Atrens, Karlis"]
[Black "Hill, Steven"]
[Result "0-1"]
[WhiteElo "1166"]
[BlackElo "1426"]
[PlyCount "44"]
[EventDate "2008.04.29"]

1. c4 Nf6 2. g3 e5 3. Bg2 Be7 4. Nc3 O-O 5. d3 c6 6. Nf3 d6 7. O-O Be6 8. Qc2
Nbd7 9. Bd2 Rc8 10. Rfd1 d5 11. d4 e4 12. Ng5 Bf5 13. Qa4 Nb6 14. Qxa7 Nxc4 15.
Qxb7 Na5 16. Qa6 Ra8 17. Qxa8 Qxa8 18. Na4 Nc4 19. b3 Nxd2 20. Rxd2 h6 21. Nh3
Qc8 22. e3 Bxh3 0-1

[Event "Interclub A"]
[Site "Adelaide"]
[Date "2008.05.13"]
[Round "3.1"]
[White "Zorkovic, Ante"]
[Black "Jackson, Ralph E"]
[Result "0-1"]
[WhiteElo "1506"]
[BlackElo "1901"]
[PlyCount "136"]
[EventDate "2008.04.29"]

1. e4 g6 2. d4 Bg7 3. Nf3 d6 4. Bc4 Nf6 5. Nc3 O-O 6. h3 Nxe4 7. Bxf7+ Rxf7 8.
Nxe4 h6 9. c3 c6 10. Be3 Nd7 11. Qd2 Qf8 12. Nh4 Nf6 13. Nxg6 Nxe4 14. Qc2 Qe8
15. Qxe4 Bf5 16. Qh4 Bxg6 17. Bxh6 Bxh6 18. Qxh6 Rh7 19. Qe3 Qf7 20. b3 Rf8 21.
f3 Qf5 22. O-O Be8 23. f4 Rf6 24. Rae1 Bd7 25. Qe4 Qh5 26. Rf3 Rg7 27. Kf1 Bf5
28. Qe3 Re6 29. Qf2 Be4 30. Rg3 d5 31. Rxg7+ Kxg7 32. f5 Qxf5 33. Qxf5 Bxf5 34.
Rxe6 Bxe6 35. Kf2 Kg6 36. h4 Kf5 37. Kf3 Bg8 38. g4+ Kf6 39. Kf4 b6 40. a3 Bh7
41. h5 Bc2 42. g5+ Kf7 43. b4 Bd3 44. Ke5 Be2 45. h6 Bd3 46. Kf4 Ke6 47. Kg4
Bg6 48. Kf4 b5 49. Kg4 Kd6 50. Kf4 a6 51. Kg4 e5 52. Kf3 e4+ 53. Kf4 Ke7 54.
Ke3 Kf7 55. Kf4 Bh7 56. Ke3 Kg6 57. Kf4 Bg8 58. Kg4 Be6+ 59. Kf4 Bg8 60. Kg4 e3
61. Kf3 Kxg5 62. Kxe3 Bh7 63. Kd2 Kxh6 64. Kc1 Kg5 65. Kb2 Kf4 66. Kb3 Ke3 67.
a4 Kd2 68. axb5 axb5 0-1

[Event "Interclub A"]
[Site "Adelaide"]
[Date "2008.05.13"]
[Round "3.2"]
[White "Haydn, Gavin"]
[Black "Ivkovic, Novica"]
[Result "1-0"]
[WhiteElo "1551"]
[BlackElo "1717"]
[PlyCount "69"]
[EventDate "2008.04.29"]

1. d4 d5 2. c4 e6 3. Nc3 Nc6 4. Nf3 f6 5. e3 g6 6. Be2 Nge7 7. O-O Ng8 8. Re1
Kf7 9. a3 h5 10. e4 Nge7 11. cxd5 exd5 12. exd5 Nxd5 13. Bc4 Nce7 14. Rxe7+
Bxe7 15. Bxd5+ Kg7 16. Ba2 c6 17. Bb1 Bg4 18. Be3 Qc7 19. h3 Be6 20. Ne2 Rad8
21. Nf4 Bf7 22. Bxg6 Bd6 23. Nxh5+ Kf8 24. Bxf7 Qxf7 25. Nf4 Qg8 26. Kf1 Rd7
27. Qd3 Rg7 28. Qf5 Qc4+ 29. Kg1 Kf7 30. Qd7+ Be7 31. Qxb7 a6 32. Rc1 Qa2 33.
Rxc6 Qb1+ 34. Rc1 Qf5 35. Qd5+ 1-0

[Event "Interclub A"]
[Site "Adelaide"]
[Date "2008.05.13"]
[Round "3.3"]
[White "Miletic, Savo"]
[Black "Hatch, John"]
[Result "0-1"]
[WhiteElo "1533"]
[BlackElo "1466"]
[PlyCount "34"]
[EventDate "2008.04.29"]

1. d4 d5 2. Nf3 Nc6 3. Bf4 Nf6 4. e3 Bg4 5. c3 e6 6. Qb3 Rb8 7. Bg5 a6 8. Bd3
h6 9. Bh4 Bxf3 10. gxf3 Qd7 11. Nd2 Bd6 12. Bg3 O-O 13. Bb1 e5 14. Qc2 exd4 15.
exd4 Rbe8+ 16. Kf1 Qh3+ 17. Kg1 Re1+ 0-1

[Event "Interclub A"]
[Site "Adelaide"]
[Date "2008.05.13"]
[Round "3.4"]
[White "Bortsova, Natasha"]
[Black "Lozic, Anto"]
[Result "0-1"]
[WhiteElo "1102"]
[BlackElo "1407"]
[PlyCount "104"]
[EventDate "2008.04.29"]

1. d4 d5 2. Nf3 Nc6 3. Bf4 e6 4. e3 Bd6 5. Bxd6 Qxd6 6. c4 Nge7 7. c5 Qd7 8.
Bb5 f6 9. Nc3 O-O 10. O-O a6 11. Ba4 f5 12. Ne5 Qe8 13. f4 Bd7 14. Rf3 Nxe5 15.
fxe5 Bxa4 16. Nxa4 Qb5 17. Rb1 Rab8 18. Rh3 Qe8 19. b4 g6 20. Nc3 c6 21. Rg3
Kg7 22. Qh5 Rh8 23. Qg5 Qf7 24. Rh3 h6 25. Qf4 g5 26. Qf2 Ng6 27. Rf1 Rbf8 28.
Ne2 h5 29. Ng3 h4 30. Nxf5+ exf5 31. Rf3 g4 32. Rxf5 Qe6 33. Rf6 Rxf6 34. exf6+
Kf7 35. g3 hxg3 36. Qxg3 Qd7 37. Qg2 Re8 38. Qd2 Qe6 39. e4 Qxe4 40. Qh6 Qxd4+
41. Kh1 Qe4+ 42. Kg1 Qe3+ 43. Qxe3 Rxe3 44. Kf2 Ra3 45. Kg2 Rxa2+ 46. Kg3 Rb2
47. Kxg4 Rxb4+ 48. Kh5 Rh4+ 49. Kg5 Rxh2 50. Rg1 Rf2 51. Rh1 Nf8 52. Rh7+ Nxh7+
0-1

[Event "Interclub A"]
[Site "Adelaide"]
[Date "2008.05.13"]
[Round "3.1"]
[White "Kerr, Bill"]
[Black "Cloudsdale, Colin"]
[Result "1-0"]
[WhiteElo "1958"]
[BlackElo "1962"]
[PlyCount "69"]
[EventDate "2008.04.29"]

1. Nf3 c5 2. g3 Nc6 3. Bg2 g6 4. d3 Bg7 5. O-O d6 6. Nbd2 Rb8 7. a4 a6 8. e4 b5
9. axb5 axb5 10. Nh4 Bd7 11. f4 Ra8 12. Rxa8 Qxa8 13. c3 Qa2 14. Qb3 Qxb3 15.
Nxb3 b4 16. Bd2 Be6 17. Nc1 Nh6 18. Ne2 Bg4 19. Nf3 Kd7 20. Ra1 Rb8 21. h3 Be6
22. e5 f6 23. d4 Bc4 24. Kf2 Nf7 25. cxb4 cxb4 26. Rc1 Bxe2 27. e6+ Kxe6 28.
d5+ Kd7 29. dxc6+ Kc7 30. Kxe2 f5 31. b3 e5 32. Rc4 e4 33. Ng5 Nxg5 34. fxg5 d5
35. Bf4+ 1-0

[Event "Interclub A"]
[Site "Adelaide"]
[Date "2008.05.13"]
[Round "3.2"]
[White "Milton, Anthony W"]
[Black "Jelic, Mato"]
[Result "1/2-1/2"]
[WhiteElo "1510"]
[BlackElo "1741"]
[PlyCount "74"]
[EventDate "2008.04.29"]

1. d4 Nf6 2. c4 e5 3. dxe5 Ng4 4. Nf3 Bc5 5. e3 Nc6 6. a3 a5 7. Nc3 O-O 8. Bd3
Ngxe5 9. Nxe5 Nxe5 10. Bxh7+ Kxh7 11. Qh5+ Kg8 12. Qxe5 Bd6 13. Qd5 Re8 14. h4
Re5 15. Qf3 Ra6 16. Bd2 Bf8 17. Nd5 Rh6 18. h5 c6 19. Bc3 Rg5 20. Nf4 d5 21.
cxd5 Bg4 22. Qe4 cxd5 23. Qd4 Be7 24. f3 Bf6 25. Qd2 Bxc3 26. Qxc3 Rc6 27. Qd2
Bc8 28. Rd1 Qc7 29. h6 gxh6 30. Nxd5 Qg3+ 31. Kf1 Rxd5 32. Qxd5 Rc2 33. Qd8+
Kg7 34. Qd4+ Kg8 35. Qd8+ Kg7 36. Rd2 Rc1+ 37. Rd1 Rc2 1/2-1/2

[Event "Interclub A"]
[Site "Adelaide"]
[Date "2008.05.13"]
[Round "3.3"]
[White "Anderson-Smith, William"]
[Black "Griggs, James"]
[Result "1-0"]
[WhiteElo "1573"]
[BlackElo "1464"]
[PlyCount "61"]
[EventDate "2008.04.29"]

1. d4 Nf6 2. c4 d6 3. Nc3 g6 4. e4 Bg7 5. Nf3 O-O 6. Be2 Nbd7 7. O-O c5 8. d5
Nb6 9. h3 Nh5 10. Ne1 Nf6 11. Be3 Nfd7 12. Qc2 Ne5 13. b3 f5 14. f4 Nf7 15. Bd3
Nh6 16. Nf3 fxe4 17. Bxe4 Nf5 18. Bxf5 Bxf5 19. Qd2 Re8 20. Rae1 a5 21. a4 e6
22. g4 Bxc3 23. Qxc3 Be4 24. dxe6 Bxf3 25. Rxf3 Rxe6 26. f5 Rf6 27. Bg5 Nd7 28.
Re6 Kf7 29. Bxf6 Nxf6 30. Qe3 Ng8 31. fxg6+ 1-0